000 00275nam a2200109Ia 4500
008 200302s9999 xx 000 0 und d
100 _aClaude Mignot
245 _aArchitecture of the 19th Century
260 _bBenedikt Taschen Verlag Gmbh
260 _c1983
300 _a322 P.,
999 _c2063
_d2063